000
00267nam a2200097Ia 4500
001
807693
005
20250826171236.0
008
250824s9999 xx 000 0 und d
245
0
_a
KAYI IV UFUKLARIN PADİŞAHI KANUNİ
_c
AHMET ŞİMŞİRGİL
260
_b
TİMAŞ YAYINLARI
999
_c
807693
_d
807693